Religion in Venezuela - Statistics

General Stats
  • This quiz has been taken 45 times
  • The average score is 3 of 5
Answer Stats
Percent Religion % Correct
71% Catholic
100%
17% Protestant
83%
3% Other
67%
8% None
56%
1% Unknown
42%
No matching quizzes found
Score Distribution
Percent of People with Each Score
Percentile by Number Answered
Your Score History
You have not taken this quiz